000 00312nam a22001337a 4500
008 170703b xxu||||| |||| 00| 0 eng d
020 _a9780205655267
041 _aeng
080 _a821
100 _a22
101 _aGJL
245 _aTHE LONGMAN ANTHOLOGY BRITISH LITERATURE
_cHENDERSON, H
942 _2udc
_cBK
999 _c19865
_d19865